A course in mathematical modeling /
Guardado en:
| Autor Principal: | |
|---|---|
| Otros Autores: | |
| Formato: | Libro |
| Idioma: | English |
| Publicado: |
[Washington, DC] :
Mathematical Association of America,
c1999.
|
| Series: | Classroom resource materials
|
| Etiquetas: |
Agregar Etiqueta
Sin Etiquetas, Sea el primero en etiquetar este registro!
|
| LEADER | 00927nam a22002175a 4500 | ||
|---|---|---|---|
| 001 | MAT.inmabb000182 | ||
| 008 | 980430s1998####dcua#####b####001#0#eng## | ||
| 005 | 20150706153833.0 | ||
| 245 | 1 | 2 | |a A course in mathematical modeling / |c Douglas D. Mooney, Randall J. Swift. |
| 260 | |a [Washington, DC] : |b Mathematical Association of America, |c c1999. | ||
| 300 | |a xx, 431 p. : |b il. ; |c 26 cm. | ||
| 490 | 0 | |a Classroom resource materials | |
| 504 | |a Includes bibliographical (p. 423-426) references and index. | ||
| 505 | 0 | |a 1. Discrete dynamical systems -- 2. Discrete stochasticity -- 3. Stages, states and classes -- 4. Empirical modeling -- 5. Continuous models -- 6. Continuous stochasticity. | |
| 510 | 4 | |a MR, |c 2000f:00012 | |
| 020 | |a 088385712X | ||
| 100 | 1 | |a Mooney, Douglas D. | |
| 700 | 1 | |a Swift, Randall J. | |
| 246 | 3 | 0 | |a Mathematical modeling |
| 084 | |a 00A71 (37-01 92B05) |2 msc2000 | ||
| 859 | |h 00A71 |i M818 |p A-7893 |b BIB. MATEMATICA | ||
